02548 2201009 4500001002100000008004100021020002200062035002000084082000800104084001400112100002700126245004900153250000600202260003000208300001300238520034900251650001400600990001500614990001500629990001500644990001500659990001500674990001500689990001500704990001500719990001200734990001200746990001200758990001200770990001200782990001200794990001200806990001200818990001200830990001200842990001200854990001200866990001200878990001200890990001200902990001200914990001200926990001200938990001200950990001200962990001200974990001200986990001200998990001201010990001201022990001201034990001201046990001201058990001201070990001201082990001201094990001201106990001201118990001201130990001201142990001201154990001201166990001501178990001501193990001501208990001501223990001501238990001501253990001501268990001501283990001501298990001501313990001501328990001501343990001501358990001501373990001501388990001501403990001501418990001501433990001501448990001501463990001501478990001501493990001501508990001501523INLIS000000000001505 ind  a978-602-434-212-8 a0010-0125000003 a574 a574 PRA b aDrs. D.A. Pratiwi,M.Pd aBiologi XI PeminatancDrs. D.A. Pratiwi,M.Pd a1 aJakarta :bErlanggac2017 a408 hlm. aMateri buku disusun sesuai dengan tuntutan Kompetensi Inti dan Kompetensi Dasar Kurikulum 2013 Edisi Revisi 2016. Buku ini menaruh perhatian besar terhadap ilmu pengetahuan dan teknologi. Pembahasan materi dirancang sistematis dan terperinci, dilengkapi dengan eksperimen yang mendukung materi dan aplikasi biologi dalam kehidupan sehari-hari.  aReferensi a01-04-3923 a02-04-3923 a03-04-3923 a04-04-3923 a05-04-3923 a06-03-3923 a06-04-3923 a07-03-3923 a0738946 a0738947 a0738948 a0738949 a0738950 a0738951 a0738952 a0738953 a0738954 a0738955 a0738956 a0738957 a0738958 a0738959 a0738960 a0738961 a0738962 a0738963 a0738964 a0738965 a0738966 a0738967 a0738968 a0738969 a0738970 a0738971 a0738972 a0738973 a0738974 a0738975 a0738976 a0738977 a0738978 a0738979 a0738980 a0738981 a0738982 a08-03-3923 a09-03-3923 a10-03-3923 a11-03-3923 a12-03-3923 a13-03-3923 a14-03-3923 a15-03-3923 a16-03-3923 a17-03-3923 a18-03-3923 a19-03-3923 a20-03-3923 a21-03-3923 a22-03-3923 a23-03-3923 a24-03-3923 a25-03-3923 a26-03-3923 a27-03-3923 a28-03-3923 a29-03-3923 a30-03-3923 a31-03-3923